<?xml version="1.0" encoding="UTF-8"?><?xml-stylesheet type="text/xsl" href="static/style.xsl"?><OAI-PMH xmlns="http://www.openarchives.org/OAI/2.0/" xmlns:xsi="http://www.w3.org/2001/XMLSchema-instance" xsi:schemaLocation="http://www.openarchives.org/OAI/2.0/ http://www.openarchives.org/OAI/2.0/OAI-PMH.xsd"><responseDate>2026-04-29T12:25:15Z</responseDate><request verb="GetRecord" identifier="oai:repisalud.isciii.es:20.500.12105/26293" metadataPrefix="marc">https://repisalud.isciii.es/rest/oai/request</request><GetRecord><record><header><identifier>oai:repisalud.isciii.es:20.500.12105/26293</identifier><datestamp>2025-12-18T12:58:16Z</datestamp><setSpec>com_20.500.12105_2203</setSpec><setSpec>com_20.500.12105_2202</setSpec><setSpec>col_20.500.12105_19585</setSpec></header><metadata><record xmlns="http://www.loc.gov/MARC21/slim" xmlns:dcterms="http://purl.org/dc/terms/" xmlns:doc="http://www.lyncode.com/xoai" xmlns:xsi="http://www.w3.org/2001/XMLSchema-instance" xsi:schemaLocation="http://www.loc.gov/MARC21/slim http://www.loc.gov/standards/marcxml/schema/MARC21slim.xsd">
   <leader>00925njm 22002777a 4500</leader>
   <datafield ind2=" " ind1=" " tag="042">
      <subfield code="a">dc</subfield>
   </datafield>
   <datafield ind2=" " ind1=" " tag="720">
      <subfield code="a">Instituto de Salud Carlos III. Gabinete de prensa</subfield>
      <subfield code="e">author</subfield>
   </datafield>
   <datafield ind2=" " ind1=" " tag="260">
      <subfield code="c">2024-12-05</subfield>
   </datafield>
   <datafield ind2=" " ind1=" " tag="520">
      <subfield code="a">El Instituto de Salud Carlos III ha acogido y organizado diversas reuniones y actividades de la Infraestructura Europea de Medicina Traslacional (EATRIS), de la que el Instituto forma parte. A lo largo de tres días, el Campus de Chamartín del ISCIII, en Madrid, ha albergado la jornada anual del Nodo Español de EATRIS, la presentación del Programa Spain in the Spotlight: salud y cambio climático, las reuniones científicas y de coordinación, así como la asamblea de Governors -representantes de cada país que coordinan la gobernanza nacional- de EATRIS. Todas estas actividades, coordinadas desde la Subdirección General de Programas Internacionales de Investigación y Relaciones Institucionales del ISCIII, han reunido a representantes de la comunidad investigadora, con protagonismo de los 32 Institutos de Investigación Sanitaria acreditados en la Infraestructura, junto a responsables del Instituto y de EATRIS. EATRIS es una infraestructuras europea de investigación basada en la medicina traslacional, del que forman parte 14 países incluido España, que reúne recursos y servicios para facilitar avances científicos y que la comunidad investigadora convierta la ciencia biomédica en beneficios para los pacientes.</subfield>
   </datafield>
   <datafield ind1="8" ind2=" " tag="024">
      <subfield code="a">Noticia publicada en la web del ISCIII el 05/12/2024.</subfield>
   </datafield>
   <datafield ind1="8" ind2=" " tag="024">
      <subfield code="a">https://hdl.handle.net/20.500.12105/26293</subfield>
   </datafield>
   <datafield tag="653" ind2=" " ind1=" ">
      <subfield code="a">Medicina traslacional</subfield>
   </datafield>
   <datafield tag="653" ind2=" " ind1=" ">
      <subfield code="a">Infraestructura Europea de Medicina Traslacional (EATRIS)</subfield>
   </datafield>
   <datafield tag="653" ind2=" " ind1=" ">
      <subfield code="a">Programa Spain in the Spotlight: salud y cambio climático</subfield>
   </datafield>
   <datafield tag="653" ind2=" " ind1=" ">
      <subfield code="a">Governors</subfield>
   </datafield>
   <datafield tag="653" ind2=" " ind1=" ">
      <subfield code="a">Institutos de Investigación Sanitaria</subfield>
   </datafield>
   <datafield ind2="0" ind1="0" tag="245">
      <subfield code="a">El ISCIII refuerza la colaboración en medicina traslacional acogiendo un encuentro con la Infraestructura Europea EATRIS</subfield>
   </datafield>
</record></metadata></record></GetRecord></OAI-PMH>